Batish and other leaseholders v Inspired Sutton Limited and ors (Record no. 121719)
[ view plain ]
| 000 -LEADER | |
|---|---|
| fixed length control field | 00974nas a22002177a 4500 |
| 007 - PHYSICAL DESCRIPTION FIXED FIELD--GENERAL INFORMATION | |
| fixed length control field | ta |
| 008 - FIXED-LENGTH DATA ELEMENTS--GENERAL INFORMATION | |
| fixed length control field | 230828e20230113xxk||||os||||o00| 0 eng d |
| 041 ## - LANGUAGE CODE | |
| Language code of text/sound track or separate title | eng |
| 245 ## - TITLE STATEMENT | |
| Title | Batish and other leaseholders v Inspired Sutton Limited and ors |
| 260 ## - PUBLICATION INFORMATION | |
| Place of publication | [2023] FTT LON/00BF/HYI/2022/0002 |
| Publisher | First-Tier Tribunal Property Chamber (Residential Property) |
| Date | 13 January 2023 |
| 520 ## - ABSTRACT | |
| Abstract | In Batish and others v Inspired Sutton Ltd [2023], the First Tier Tribunal granted the applicant leaseholders the first Remediation Contribution Order to be made under the Building Safety Act 2022.<br/> |
| 650 ## - KEYWORDS | |
| Keywords | BUILDING SAFETY ACT 2022 |
| 650 ## - KEYWORDS | |
| Keywords | CLADDING |
| 650 ## - KEYWORDS | |
| Keywords | FIRE SAFETY |
| 650 ## - KEYWORDS | |
| Keywords | JUDGMENT |
| 650 ## - KEYWORDS | |
| Keywords | LANDLORD AND TENANT ACT 1985 |
| 650 ## - KEYWORDS | |
| Keywords | REMEDIATION |
| 650 ## - KEYWORDS | |
| Keywords | REMEDIATION ORDERS |
| 651 ## - SUBJECT ADDED ENTRY--GEOGRAPHIC NAME | |
| Geographic name | United Kingdom |
| 856 ## - ONLINE RESOURCE | |
| Uniform Resource Identifier | https://assets.publishing.service.gov.uk/media/63c57179e90e074ef04efe0a/20230113_Decision___Order_Combined.pdf |
| Public note | Available from FTT |
| Withdrawn status | Lost status | Damaged status | Koha normalized classification for sorting | Not for loan | Home library | Current library | Shelving location | Date acquired | Total Checkouts | Full call number | Date last seen | Price effective from | Koha item type |
|---|---|---|---|---|---|---|---|---|---|---|---|---|---|
| ONLINE_JUDGMENT | Virtual | Virtual | Online | 21/11/2023 | ONLINE JUDGMENT | 21/11/2023 | 21/11/2023 | Law report |